00744cam a22002052 4500001001100000005001700011008004100028020001700069040001500086245014100101250001300242260003100255300002000286650006800306650006600374700002900440700003400469700003200503852000300535000002449020151217152303.0131218s xx 000 0 eng d a0199573417 : aKABUcKABU14aThe Legacy of the international criminal tribunal for the former Yugoslavia /cedited by Bert Swart, Alexander Zahar, and Goran Sluiter. a1st ed. aOxford :bO. U. P.,c2011. axxxiii, 550 p. 0aCrimes against humanityzFormer Yugoslav republics.@0000184682 0aWar crimes and trialszFormer Yugoslav republics.@00001846831 aSwart, Bert.@00001846841 aZahar, Alexander.@00001846851 aSluiter, Goran.@00001846861